000 00984nas a2200301 4500
001 BR0906663
003 BR-BrBNA
005 20231205113759.0
007 ta
008 230509b bl.|||p| |||| 00| 00por d
040 _aBR-BrBNA
_bpor
_cBiblioteca Nacional de Agricultura
041 _a(En)
072 _aL02; L51; Q02
100 1 _aRibeiro, M.D.
100 1 _aPereira, J.C.
100 1 _aQueiroz, A.C. de
100 1 _aBettero, V.P.
100 1 _aMantovani, H.C.
100 1 _aSilva, C.J. da
245 1 _aInfluence of intraruminal infusion of propionic acid and forage to concentrate levels on intake, digestibility and rumen characteristics in young bulls
650 _aDIGESTIBILIDADE
650 _aÁCIDO ORGÂNICO
650 _aBACTÉRIA
650 _aNUTRIÇÃO ANIMAL
773 0 _tRevista Brasileira de Zootecnia (Brazil)
_xISSN 1516-3598
_g(May 2009), v. 38(5) p. 948-955
_wBR0906663
909 _a202311
_bLúcia
_c55
_dLúcia Elande
942 _2AGRIS
_n0
_cANA
999 _c205573
_d205573